Dance of life : (Record no. 5860)
[ view plain ]
| 000 -LEADER | |
|---|---|
| fixed length control field | 00961cam a2200205 4500 |
| 001 - CONTROL NUMBER | |
| control field | 6924 |
| 010 ## - LIBRARY OF CONGRESS CONTROL NUMBER | |
| LC control number | 96039802 |
| 020 ## - INTERNATIONAL STANDARD BOOK NUMBER | |
| International Standard Book Number | 0824818482 (alk. paper) |
| International Standard Book Number | 0824819187 (pbk. : alk. paper) |
| 082 00 - DEWEY DECIMAL CLASSIFICATION NUMBER | |
| Classification number | 306.4/84$221 |
| 100 1# - MAIN ENTRY--PERSONAL NAME | |
| Personal name | Lockard, Craig A. |
| 245 10 - TITLE STATEMENT | |
| Title | Dance of life : |
| Remainder of title | popular music and politics in Southeast Asia / |
| Statement of responsibility, etc. | Craig A. Lockard. |
| 260 ## - PUBLICATION, DISTRIBUTION, ETC. | |
| Place of publication, distribution, etc. | Honolulu, HI : |
| Name of publisher, distributor, etc. | University of Hawaii Press, |
| Date of publication, distribution, etc. | c1998. |
| 300 ## - PHYSICAL DESCRIPTION | |
| Extent | xix, 390 p. : |
| Other physical details | ill. ; |
| Dimensions | 24 cm. |
| 504 ## - BIBLIOGRAPHY, ETC. NOTE | |
| Bibliography, etc. note | Includes bibliographical references (p. 273-374) and index. |
| 505 ## - FORMATTED CONTENTS NOTE | |
| Formatted contents note | Popular culture and music in the modern world -- Indonesia: many fields, many songs -- Philippines: pinoy, protest, and people power -- Thailand: songs for life, songs for struggle -- Malaysia and Singapore: pluralism and popular music. |
| Miscellaneous information | |
| Statement of responsibility | |
| Title | |
| 650 #0 - SUBJECT ADDED ENTRY--TOPICAL TERM | |
| Topical term or geographic name entry element | Music and state |
| Geographic subdivision | Southeast Asia. |
| Topical term or geographic name entry element | Popular music |
| Geographic subdivision | Southeast Asia |
| General subdivision | History and criticism. |
| Withdrawn status | Lost status | Source of classification or shelving scheme | Damaged status | Not for loan | Collection code | Home library | Current library | Shelving location | Date acquired | Serial Enumeration / chronology | Inventory number | Total Checkouts | Full call number | Barcode | Date last seen | Date last checked out | Price effective from | Koha item type |
|---|---|---|---|---|---|---|---|---|---|---|---|---|---|---|---|---|---|---|
| Dewey Decimal Classification | Main TEST | RTC Library | RTC Library | Main opac | 27/11/2018 | 10749 | 1 | 306.4 LOC | 30011470 | 24/09/2020 | 08/09/2020 | 27/11/2018 | Main |